000 00694nam a2200205 a 4500
001 BRCA_928
005 20190320203217.0
008 260508s1989----mx-a---###---#000-0#spa-#
020 _a9686191208
050 4 _aNK7114
_b.A78 1989
245 1 0 _aEl arte de la platería mexicana
_b500 años.
260 _aMéxico
_bFundación Cultural Televisa : Centro Cultural de Arte Contemporáneo
_c1989
300 _a595 p.
_bil. a color
_c30 cm.
500 _aCatálogo de la exposición realizada en noviembre 1989 - febrero 1990
500 _aIncluye glosario
504 _aBibliografía: p. 588-591
650 1 4 _aTabajos en plata
_zMéxico
_93066
650 1 4 _aPlateros
_zMéxico
_93067
942 _2lcc
_cB
999 _c817
_d817